000 00814nam a2200253Ia 4500
003 OSt
005 20220923223102.0
006 a|||||r|||| 00| 0
007 ta
008 220922b |||||||| |||| 00| 0 hin d
024 _a210,930
037 _cTextual
040 _aARTS
_cARTS
_bhin
041 _2hin
_ahin
082 _aO152,3N33x, M5
100 _aनौटियाल, विधा सागर
245 0 _aटिहरी की कहानियॉं
246 _aṬiharī kī kahāniyaॉan
260 _aदिल्ली
_b राजकमल प्रका0
_c1985
300 _a121पृ.
_ccm.
650 _aहिन्दी कहानी
942 _hO152,3N33x, M5
_cTEXL
_2CC
999 _c361209
_d361209